Un cuarto de siglo de americanismo en España: 1975-2001 /
Se realiza un análisis comparativo de los conflictos políticos en América Latina a partir de diferentes procesos históricos que han sido recopilados por varios investigadores. Se resalta la importancia del régimen democrático de cada país que alimenta de forma directa el desarollo de grupos militare...
Zapisane w:
| 1. autor: | |
|---|---|
| Format: | Texto |
| Hasła przedmiotowe: | |
| Etykiety: |
Dodaj etykietę
Nie ma etykietki, Dołącz pierwszą etykiete!
|
MARC
| LEADER | 00000 a a2200000 04500 | ||
|---|---|---|---|
| 001 | 16257 | ||
| 003 | |||
| 040 | |||
| 100 | |a Tabanera García, Nuria | ||
| 245 | |a Un cuarto de siglo de americanismo en España: 1975-2001 / |c Nuria Tabanera García | ||
| 520 | |a Se realiza un análisis comparativo de los conflictos políticos en América Latina a partir de diferentes procesos históricos que han sido recopilados por varios investigadores. Se resalta la importancia del régimen democrático de cada país que alimenta de forma directa el desarollo de grupos militares, paramilitares o guerrillas | ||
| 650 | |a CIENCIAS SOCIALES | ||
| 650 | |a ANALISIS HISTORICO | ||
| 650 | |a INVESTIGACION CIENTIFICA | ||
| 650 | |a DESARROLLO CIENTIFICO | ||
| 650 | |a ESPAÑA | ||
| 650 | |a AMERICA LATINA | ||
| 773 | |g número 72; páginas 81-94 | ||
| 999 | |c 36325 |d 36325 | ||
